000 00479nam a2200193 i 4500
001 bg
100 1 _aAMMERAAL, Leendert
245 0 _aProgramming principles in computer graphic /
_cL. Ammeraal.
260 _aChichester :
_bJohn Wiley,
_c1988.
300 _edysk.
650 9 _aGrafika komputerowa
020 _a0471909890
040 _cBPK
041 _apol
080 _a004.92
920 _a0-471-90989-0
942 _cKS
008 s pl f |000 0 pol
999 _c28772
_d28772
856 _uhttp://koha.tu.koszalin.pl/cgi-bin/koha/opac-detail.pl?biblionumber=28772
_yKatalog online BPK